[Event "VL 2017/18"]
[Site "Mecklenburg-Vorpommern"]
[Date "2017.11.12"]
[Round "2.5"]
[White "Winkler, Karl"]
[Black "Fromm, Marius"]
[Result "1/2-1/2"]
[WhiteElo "1829"]
[BlackElo "1787"]
[PlyCount "144"]
[EventDate "2017.??.??"]
[EventType "team-tourn"]
[EventRounds "9"]
[SourceDate "2017.10.08"]
[WhiteTeam "SG Neubrandenburg"]
[BlackTeam "Greifswalder SV II"]

1. e4 e6 2. d4 d5 3. exd5 exd5 4. Bd3 Bd6 5. Ne2 Nf6 6. O-O O-O 7. Ng3 Re8 8.
Re1 Nc6 9. c3 Bg4 10. f3 Bd7 11. Bg5 Rxe1+ 12. Qxe1 h6 13. Be3 Qe7 14. Bf2 Qf8
15. Nd2 Re8 16. Qf1 Bf4 17. Nb3 b6 18. Re1 a5 19. Rxe8 Qxe8 20. Ne2 Bd6 21. Qe1
a4 22. Nd2 Ne7 23. Bg3 Nc8 24. Kf2 Nh5 25. Bxd6 Nxd6 26. Ng3 Qxe1+ 27. Kxe1 Nf4
28. Bf1 Bb5 29. b3 Bxf1 30. Kxf1 Nb5 31. Nb1 a3 32. Ne2 Nd3 33. c4 dxc4 34.
bxc4 Nd6 35. Nxa3 Nb4 36. Nc3 Nf5 37. d5 Nd4 38. Nab5 c5 39. a3 Nxb5 40. cxb5
Nc2 41. a4 Ne3+ 42. Kf2 Nc4 43. Ke2 Kf8 44. Kd3 Nd6 45. Ke3 Ke7 46. g4 g5 47.
h3 f5 48. gxf5 Nxf5+ 49. Ke4 Kf6 50. d6 Ke6 51. d7 Nd6+ 52. Kd3 Kxd7 53. Nd5
Nc8 54. Ke4 Kd6 55. Nf6 Ne7 56. Ng4 Ng8 57. Ne3 Nf6+ 58. Kf5 Nd5 59. Nc4+ Kc7
60. Kg6 Nf4+ 61. Kxh6 Nxh3 62. Kh5 Ng1 63. Kg4 Ne2 64. Kxg5 Nc3 65. Nb2 Kd7 66.
f4 Ke6 67. f5+ Kf7 68. f6 Ne4+ 69. Kf5 Nxf6 70. Nc4 Nd7 71. Ne5+ Ke7 72. Nc4
Kf7 1/2-1/2

[Event "VL 2017/18"]
[Site "Mecklenburg-Vorpommern"]
[Date "2017.11.12"]
[Round "2.6"]
[White "Troyke, Jannis"]
[Black "Leisner, Ekkehardt"]
[Result "1-0"]
[WhiteElo "1733"]
[BlackElo "1779"]
[PlyCount "173"]
[EventDate "2017.??.??"]
[EventType "team-tourn"]
[EventRounds "9"]
[SourceDate "2017.10.08"]
[WhiteTeam "Greifswalder SV II"]
[BlackTeam "SG Neubrandenburg"]

1. e4 c5 2. Nf3 e6 3. d4 cxd4 4. Nxd4 a6 5. Nc3 Qc7 6. g3 Nf6 7. Bg2 Be7 8. O-O
O-O 9. f4 d6 10. Nb3 Nc6 11. g4 Nd7 12. f5 Nde5 13. a4 b6 14. g5 f6 15. h4 fxg5
16. hxg5 exf5 17. Nd5 Qd8 18. Nxe7+ Qxe7 19. exf5 Bb7 20. Be4 Kh8 21. Qh5 Qf7
22. Qh3 Rae8 23. Bd2 Bc8 24. Bxc6 Nxc6 25. g6 Qxg6+ 26. fxg6 Bxh3 27. Rxf8+
Rxf8 28. gxh7 Ne5 29. Nd4 Kxh7 30. Bb4 Rf6 31. Re1 Bd7 32. b3 Bc8 33. c3 Nd3
34. Re8 Bg4 35. Re4 Bd1 36. Re3 Nc5 37. Re1 Bh5 38. Re3 Bf7 39. c4 Rf4 40. Nf3
Rg4+ 41. Kf2 Bg6 42. Bxc5 dxc5 43. Re6 Rf4 44. Ke3 Rf6 45. Re5 Bc2 46. Nd2 Rh6
47. a5 Rh3+ 48. Ke2 bxa5 49. Rxc5 a4 50. bxa4 Ra3 51. a5 Bd3+ 52. Kf2 g6 53.
Nf3 Kh6 54. Ne5 Be4 55. Ng4+ Kg7 56. Re5 Bf5 57. Ne3 Kf6 58. Rd5 Ke6 59. Kf3
Bd3 60. Kf4 Be2 61. Re5+ Kd6 62. Rd5+ Kc6 63. Ke4 Rc3 64. Re5 Kd6 65. Rg5 Kd7
66. Rxg6 Bxc4 67. Kd4 Rxe3 68. Kxe3 Bb5 69. Kd4 Kc7 70. Kc5 Bd3 71. Rg7+ Kb8
72. Kc6 Bb5+ 73. Kd6 Kc8 74. Rg1 Kb7 75. Rc1 Bf1 76. Rc6 Bb5 77. Rb6+ Kc8 78.
Kd5 Kc7 79. Kc5 Bf1 80. Rf6 Bb5 81. Rf7+ Kb8 82. Kb6 Kc8 83. Rc7+ Kb8 84. Rc5
Bf1 85. Rf5 Bh3 86. Rf8+ Bc8 87. Rd8 1-0

[Event "VL 2017/18"]
[Site "Mecklenburg-Vorpommern"]
[Date "2017.11.12"]
[Round "2.7"]
[White "Zabka, Helge"]
[Black "Grehl, Tino"]
[Result "1/2-1/2"]
[WhiteElo "1662"]
[BlackElo "1869"]
[PlyCount "84"]
[EventDate "2017.??.??"]
[EventType "team-tourn"]
[EventRounds "9"]
[SourceDate "2017.10.08"]
[WhiteTeam "SG Neubrandenburg"]
[BlackTeam "Greifswalder SV II"]

1. Nf3 Nf6 2. g3 d5 3. Bg2 g6 4. O-O Bg7 5. d3 O-O 6. Nbd2 c6 7. e4 dxe4 8.
dxe4 Bg4 9. h3 Bc8 10. Qe2 Qc7 11. Nc4 Nfd7 12. Rd1 b5 13. Ne3 e5 14. c4 Ba6
15. b3 Nc5 16. Qc2 bxc4 17. Nxc4 Ne6 18. Ba3 c5 19. Ne3 Bb7 20. Rac1 Rc8 21. b4
Nd7 22. Nd5 Qd8 23. Qb2 c4 24. Nd2 Bxd5 25. exd5 Nd4 26. Nxc4 Nb6 27. Ne3 Na4
28. Qd2 Rxc1 29. Rxc1 Rc8 30. Nc4 Nb6 31. Nxb6 axb6 32. Bb2 Rxc1+ 33. Bxc1 Qc7
34. Bb2 Qc4 35. a3 e4 36. d6 Kf8 37. Qg5 f6 38. Qe3 f5 39. Kh2 Qd5 40. Bxd4
Bxd4 41. Qh6+ Kg8 42. Qd2 Qxd6 1/2-1/2

[Event "VL 2017/18"]
[Site "Mecklenburg-Vorpommern"]
[Date "2017.11.12"]
[Round "2.8"]
[White "Nauschuetz, Ernst"]
[Black "Meyer, Detlef"]
[Result "1-0"]
[WhiteElo "1849"]
[BlackElo "1738"]
[PlyCount "120"]
[EventDate "2017.??.??"]
[EventType "team-tourn"]
[EventRounds "9"]
[SourceDate "2017.10.08"]
[WhiteTeam "Greifswalder SV II"]
[BlackTeam "SG Neubrandenburg"]

1. c4 e5 2. g3 Nf6 3. Bg2 c6 4. d4 Bb4+ 5. Bd2 Bxd2+ 6. Qxd2 exd4 7. Qxd4 O-O
8. Nc3 Re8 9. Rd1 Na6 10. Nf3 Qe7 11. O-O Nc5 12. b3 Nce4 13. e3 Nxc3 14. Qxc3
d5 15. cxd5 Nxd5 16. Qd2 Bg4 17. h3 Bxf3 18. Bxf3 Rad8 19. Qc1 Nf6 20. Rfe1 Ne4
21. Rxd8 Rxd8 22. Rd1 Rxd1+ 23. Qxd1 Qd6 24. Qxd6 Nxd6 25. Kf1 f6 26. Ke1 Kf7
27. Kd2 Ke6 28. a4 Ke5 29. Kd3 f5 30. Bg2 h6 31. f4+ Ke6 32. Kd4 Ne8 33. Bf1
Nf6 34. Bc4+ Kd6 35. Bd3 Ke6 36. b4 b6 37. Bc4+ Kd6 38. Bf7 a6 39. Bc4 c5+ 40.
bxc5+ bxc5+ 41. Kd3 a5 42. Kc2 Ne4 43. g4 fxg4 44. hxg4 Nf2 45. Be2 Ne4 46. Bf3
Nf6 47. Kb3 g6 48. e4 Ne8 49. Kc4 Nc7 50. e5+ Ke7 51. Be4 Ne6 52. f5 gxf5 53.
gxf5 Ng5 54. Bd5 h5 55. Kxc5 h4 56. f6+ Kd8 57. Kb6 h3 58. Kxa5 h2 59. Kb6 Ne6
60. a5 Nd4 1-0

[Event "VL 2017/18"]
[Site "Mecklenburg-Vorpommern"]
[Date "2017.11.26"]
[Round "3.1"]
[White "Waschk, Armin"]
[Black "Rossmann, Andreas"]
[Result "1/2-1/2"]
[WhiteElo "2117"]
[BlackElo "1942"]
[PlyCount "34"]
[EventDate "2017.??.??"]
[EventType "team-tourn"]
[EventRounds "9"]
[SourceDate "2017.10.08"]
[WhiteTeam "SG Guestrow/Teterow"]
[BlackTeam "SG Neubrandenburg"]

1. e4 e6 2. d4 b6 3. Nc3 Bb7 4. Nf3 Nf6 5. Bd3 c5 6. Bf4 a6 7. O-O cxd4 8. Nxd4
Nc6 9. Nde2 d6 10. Ng3 Be7 11. Qd2 Qc7 12. Rad1 O-O 13. h3 Rfd8 14. a3 Na5 15.
Rfe1 b5 16. Bg5 Rac8 17. Be3 Nc4 1/2-1/2

[Event "VL 2017/18"]
[Site "Mecklenburg-Vorpommern"]
[Date "2017.11.26"]
[Round "3.2"]
[White "Hartung, Lothar"]
[Black "Dettmann, Gerd"]
[Result "0-1"]
[WhiteElo "1777"]
[BlackElo "2107"]
[PlyCount "64"]
[EventDate "2017.??.??"]
[EventType "team-tourn"]
[EventRounds "9"]
[SourceDate "2017.10.08"]
[WhiteTeam "SG Neubrandenburg"]
[BlackTeam "SG Guestrow/Teterow"]

1. d4 Nf6 2. Nf3 c5 3. e3 g6 4. Be2 Bg7 5. O-O O-O 6. Nbd2 cxd4 7. exd4 d5 8.
Ne5 Nc6 9. Nxc6 bxc6 10. c3 Qc7 11. Nb3 Re8 12. Re1 Bf5 13. Bf3 Nd7 14. g4 Be6
15. Bd2 a5 16. Qc1 a4 17. Bf4 Qb6 18. Nd2 c5 19. dxc5 Nxc5 20. Qc2 Rac8 21. Be3
d4 22. cxd4 Nb3 23. Qd3 Nxa1 24. Rxa1 Qxb2 25. Rb1 Rc1+ 26. Rxc1 Qxc1+ 27. Nf1
Bc4 28. Bxc1 Bxd3 29. Be3 Rb8 30. Kg2 a3 31. Nd2 Rb2 32. Bd5 Bxd4 0-1

[Event "VL 2017/18"]
[Site "Mecklenburg-Vorpommern"]
[Date "2017.11.26"]
[Round "3.3"]
[White "Luther, Alexander"]
[Black "Stoevesand, Peter"]
[Result "0-1"]
[WhiteElo "1973"]
[BlackElo "1901"]
[PlyCount "122"]
[EventDate "2017.??.??"]
[EventType "team-tourn"]
[EventRounds "9"]
[SourceDate "2017.10.08"]
[WhiteTeam "SG Guestrow/Teterow"]
[BlackTeam "SG Neubrandenburg"]

1. e4 e5 2. Nf3 Nc6 3. d4 exd4 4. Nxd4 Bc5 5. Be3 Qf6 6. c3 Nge7 7. Bc4 Ne5 8.
Be2 Qg6 9. O-O d6 10. Kh1 O-O 11. f4 Ng4 12. Bg1 Bxd4 13. cxd4 f5 14. e5 dxe5
15. dxe5 Be6 16. Nc3 Rfd8 17. Qc2 Bd5 18. Nxd5 Nxd5 19. Rad1 Nge3 20. Bxe3
Qxg2+ 21. Kxg2 Nxe3+ 22. Kf2 Nxc2 23. Rxd8+ Rxd8 24. Rd1 Rxd1 25. Bxd1 Nd4 26.
Ke3 c5 27. b4 b6 28. bxc5 bxc5 29. Bb3+ Kf8 30. Kd3 Ke7 31. Bg8 h6 32. Kc4 g5
33. fxg5 hxg5 34. Kxc5 Nf3 35. Kd5 Nxh2 36. Bh7 f4 37. Ke4 f3 38. Ke3 Ke6 39.
Kf2 Kxe5 40. Kg3 f2 41. Kxf2 Kf4 42. Bg8 Ng4+ 43. Ke2 Ne3 44. Be6 g4 45. Bd7 g3
46. Bc6 Nc2 47. Bg2 Nb4 48. a4 Nc2 49. Kd2 Ne3 50. Bb7 g2 51. Bxg2 Nxg2 52. Kc3
Ke5 53. Kb4 Kd6 54. Kb5 Kc7 55. Ka6 Kb8 56. a5 Nf4 57. Kb5 Ne6 58. Kc6 Nc7 59.
Kc5 Kb7 60. Kb4 Kc6 61. Kc4 Na6 0-1

[Event "VL 2017/18"]
[Site "Mecklenburg-Vorpommern"]
[Date "2017.11.26"]
[Round "3.4"]
[White "Baier, Karsten"]
[Black "Dettmann, Holger"]
[Result "1/2-1/2"]
[WhiteElo "1868"]
[BlackElo "1915"]
[PlyCount "23"]
[EventDate "2017.??.??"]
[EventType "team-tourn"]
[EventRounds "9"]
[SourceDate "2017.10.08"]
[WhiteTeam "SG Neubrandenburg"]
[BlackTeam "SG Guestrow/Teterow"]

1. d4 g6 2. c4 Bg7 3. Nf3 Nf6 4. Nc3 O-O 5. e4 d6 6. Be2 Nbd7 7. O-O c6 8. h3
a6 9. a4 b6 10. Be3 Bb7 11. Qc2 e6 12. Rac1 1/2-1/2

[Event "VL 2017/18"]
[Site "Mecklenburg-Vorpommern"]
[Date "2017.11.26"]
[Round "3.5"]
[White "Kiel, Bernd"]
[Black "Kunow, Frank"]
[Result "1/2-1/2"]
[WhiteElo "1892"]
[BlackElo "1875"]
[PlyCount "119"]
[EventDate "2017.??.??"]
[EventType "team-tourn"]
[EventRounds "9"]
[SourceDate "2017.10.08"]
[WhiteTeam "SG Guestrow/Teterow"]
[BlackTeam "SG Neubrandenburg"]

1. e4 g6 2. d4 Bg7 3. Nc3 d6 4. Be3 a6 5. Qd2 b5 6. h4 h6 7. O-O-O Bb7 8. f3
Nd7 9. Kb1 Rc8 10. g4 c5 11. dxc5 Nxc5 12. Bh3 e6 13. Qxd6 Qxd6 14. Rxd6 Be5
15. Rd2 b4 16. Nd1 Nf6 17. Bg2 h5 18. g5 Nfd7 19. Bd4 O-O 20. Ne2 a5 21. Ne3
Ba6 22. Rhd1 Bxe2 23. Rxe2 Bg3 24. Rh1 e5 25. Bxc5 Nxc5 26. Nd5 Kg7 27. Rh3 Bf4
28. Nxf4 exf4 29. Rh1 Rfd8 30. Rhe1 a4 31. Bh3 Rc6 32. e5 b3 33. c3 a3 34. axb3
Nxb3 35. e6 fxe6 36. Rxe6 Rxe6 37. Rxe6 Nd2+ 38. Ka2 axb2 39. Kxb2 Rb8+ 40. Kc2
Nxf3 41. Re7+ Kh8 42. c4 Nxh4 43. Re4 Nf3 44. Rxf4 Nxg5 45. Bd7 Rd8 46. Rd4 Ne6
47. Rd5 Nc7 48. Rd2 Na6 49. Rd6 Nc5 50. Rxg6 Rxd7 51. Rg5 Rh7 52. Rxc5 h4 53.
Rf5 h3 54. Rf1 h2 55. Rh1 Kg7 56. Kd3 Kf6 57. Ke4 Ke6 58. c5 Rh4+ 59. Kf3 Kd5
60. Kg2 1/2-1/2

[Event "VL 2017/18"]
[Site "Mecklenburg-Vorpommern"]
[Date "2017.11.26"]
[Round "3.6"]
[White "Witkowski, Rainer"]
[Black "Ramp, Oliver"]
[Result "1/2-1/2"]
[WhiteElo "1849"]
[BlackElo "1811"]
[PlyCount "54"]
[EventDate "2017.??.??"]
[EventType "team-tourn"]
[EventRounds "9"]
[SourceDate "2017.10.08"]
[WhiteTeam "SG Neubrandenburg"]
[BlackTeam "SG Guestrow/Teterow"]

1. e4 c5 2. c3 Nf6 3. e5 Nd5 4. Nf3 e6 5. Bc4 Nb6 6. Bb3 c4 7. Bc2 d5 8. d4 Be7
9. a4 a5 10. b3 Bd7 11. Ba3 O-O 12. O-O h6 13. bxc4 Nxc4 14. Qd3 g6 15. Bxe7
Qxe7 16. Nbd2 b5 17. Nxc4 bxc4 18. Qe3 Kg7 19. h4 Nc6 20. g4 Rab8 21. g5 h5 22.
Qf4 Rb2 23. Rfc1 Rfb8 24. Nd2 Na7 25. Nf1 Nc8 26. Ng3 Be8 27. Qf3 Qf8 1/2-1/2

[Event "VL 2017/18"]
[Site "Mecklenburg-Vorpommern"]
[Date "2017.11.26"]
[Round "3.7"]
[White "Hornecker, Siegfried"]
[Black "Winkler, Karl"]
[Result "1-0"]
[WhiteElo "1872"]
[BlackElo "1829"]
[PlyCount "105"]
[EventDate "2017.??.??"]
[EventType "team-tourn"]
[EventRounds "9"]
[SourceDate "2017.10.08"]
[WhiteTeam "SG Guestrow/Teterow"]
[BlackTeam "SG Neubrandenburg"]

1. e4 Nf6 2. Nc3 d6 3. Bc4 g6 4. d3 Bg7 5. Bg5 c6 6. Bb3 Nbd7 7. a3 Nc5 8. Ba2
Be6 9. Nge2 Bxa2 10. Rxa2 Ne6 11. Bd2 Qb6 12. Be3 Qc7 13. f3 h5 14. Qc1 Rd8 15.
d4 d5 16. e5 Ng8 17. b4 f6 18. f4 fxe5 19. fxe5 Nh6 20. Nf4 Nxf4 21. Bxf4 e6
22. Ne2 Nf5 23. c3 O-O 24. Bg5 Rde8 25. g3 Kh7 26. h3 Bh6 27. g4 Bxg5 28. Qxg5
Qe7 29. Qxe7+ Nxe7 30. gxh5 gxh5 31. Ng3 Kh6 32. Rg2 Rg8 33. O-O Rg6 34. Ne2
Rxg2+ 35. Kxg2 Nf5 36. Kf3 Rf8 37. Nf4 Nh4+ 38. Ke2 Re8 39. Rg1 Re7 40. Rg8 a6
41. Kd1 Rf7 42. Nxe6 Rf3 43. Kc2 Rxh3 44. Rh8+ Kg6 45. Nf4+ Kg7 46. Rxh5 Rh2+
47. Kb3 Nf3 48. Ne6+ Kf7 49. Nd8+ Ke7 50. Rxh2 Nxh2 51. Nxb7 Nf3 52. Nc5 a5 53.
bxa5 1-0

[Event "VL 2017/18"]
[Site "Mecklenburg-Vorpommern"]
[Date "2017.11.26"]
[Round "3.8"]
[White "Leisner, Ekkehardt"]
[Black "Ebert, Lutz"]
[Result "1/2-1/2"]
[WhiteElo "1779"]
[BlackElo "1723"]
[PlyCount "83"]
[EventDate "2017.??.??"]
[EventType "team-tourn"]
[EventRounds "9"]
[SourceDate "2017.10.08"]
[WhiteTeam "SG Neubrandenburg"]
[BlackTeam "SG Guestrow/Teterow"]

1. c4 e5 2. g3 c6 3. d4 Bb4+ 4. Bd2 Bxd2+ 5. Qxd2 exd4 6. Qxd4 Qf6 7. Qd2 Qe6
8. Qc2 Nf6 9. Bg2 O-O 10. Nf3 d5 11. b3 Na6 12. O-O dxc4 13. bxc4 Qf5 14. Qb2
Nc5 15. Nbd2 Re8 16. Nd4 Qh5 17. N2f3 Bh3 18. Rab1 Bxg2 19. Kxg2 Ng4 20. h3 Ne5
21. Qc2 Rad8 22. Rfd1 Nxf3 23. Nxf3 f6 24. Rxd8 Rxd8 25. Rd1 Qe8 26. e3 Rxd1
27. Qxd1 Qd7 28. Qd4 Qxd4 29. exd4 Ne4 30. Kf1 Kf7 31. a3 Ke6 32. Ke2 a6 33.
Nd2 Nd6 34. Kd3 b5 35. f3 h5 36. Kc3 f5 37. Kb4 Nb7 38. a4 a5+ 39. Kc3 b4+ 40.
Kd3 g6 41. Nb3 Kd6 42. Ke3 1/2-1/2

[Event "VL 2017/18"]
[Site "Mecklenburg-Vorpommern"]
[Date "2017.11.26"]
[Round "3.1"]
[White "Mildner, Jens"]
[Black "Kliewe, Hans Juergen"]
[Result "1/2-1/2"]
[WhiteElo "2038"]
[BlackElo "2004"]
[PlyCount "72"]
[EventDate "2017.??.??"]
[EventType "team-tourn"]
[EventRounds "9"]
[SourceDate "2017.10.08"]
[WhiteTeam "Greifswalder SV II"]
[BlackTeam "ASV Wismar"]

1. d4 d5 2. c4 c6 3. Nf3 Nf6 4. Nc3 dxc4 5. a4 Bf5 6. e3 e6 7. Bxc4 Bb4 8. O-O
O-O 9. Qe2 Bg4 10. Rd1 Qa5 11. e4 Qh5 12. e5 Nd5 13. Ne4 Bxf3 14. gxf3 Nd7 15.
Bxd5 exd5 16. Ng3 Qh3 17. f4 f5 18. Rd3 Rae8 19. Bd2 Bxd2 20. Qxd2 Re6 21. Nf1
Qh4 22. Rg3 Rfe8 23. Rg5 Rg6 24. Rxg6 hxg6 25. Qe3 Nf8 26. Ng3 Ne6 27. Ne2 g5
28. Qg3 Nxf4 29. Nxf4 Qxf4 30. Qxf4 gxf4 31. b4 Kf7 32. Kg2 g5 33. Rc1 Ke6 34.
Rc3 Rh8 35. a5 a6 36. Rh3 Rb8 1/2-1/2

[Event "VL 2017/18"]
[Site "Mecklenburg-Vorpommern"]
[Date "2017.11.26"]
[Round "3.2"]
[White "Littke, Helmut"]
[Black "Schwahn, Christian"]
[Result "1/2-1/2"]
[WhiteElo "1949"]
[BlackElo "1950"]
[PlyCount "37"]
[EventDate "2017.??.??"]
[EventType "team-tourn"]
[EventRounds "9"]
[SourceDate "2017.10.08"]
[WhiteTeam "ASV Wismar"]
[BlackTeam "Greifswalder SV II"]

1. d4 Nf6 2. Nf3 e6 3. c4 b6 4. g3 Bb7 5. Bg2 Bb4+ 6. Bd2 c5 7. O-O O-O 8. dxc5
Bxc5 9. Nc3 Nc6 10. e4 Nb4 11. Qe2 d5 12. e5 Ne4 13. Nxe4 dxe4 14. Ng5 Qd3 15.
Qxd3 Nxd3 16. Nxe4 Nxb2 17. Nxc5 Bxg2 18. Kxg2 bxc5 19. Be3 1/2-1/2

[Event "VL 2017/18"]
[Site "Mecklenburg-Vorpommern"]
[Date "2017.11.26"]
[Round "3.3"]
[White "Gwiazda, Slawomir"]
[Black "Stutz, Reno"]
[Result "1-0"]
[WhiteElo "1921"]
[BlackElo "1967"]
[PlyCount "25"]
[EventDate "2017.??.??"]
[EventType "team-tourn"]
[EventRounds "9"]
[SourceDate "2017.10.08"]
[WhiteTeam "Greifswalder SV II"]
[BlackTeam "ASV Wismar"]

1. d4 d5 2. c4 e5 3. dxe5 d4 4. Nf3 Nc6 5. Nbd2 Bg4 6. h3 Bh5 7. g3 Bb4 8. Bg2
Nge7 9. O-O O-O 10. Nb3 Bxf3 11. exf3 Nxe5 12. a3 Nxc4 13. axb4 1-0

[Event "VL 2017/18"]
[Site "Mecklenburg-Vorpommern"]
[Date "2017.11.26"]
[Round "3.4"]
[White "Junggebauer, Thomas"]
[Black "Hertel, Johannes"]
[Result "0-1"]
[WhiteElo "1888"]
[BlackElo "1895"]
[PlyCount "96"]
[EventDate "2017.??.??"]
[EventType "team-tourn"]
[EventRounds "9"]
[SourceDate "2017.10.08"]
[WhiteTeam "ASV Wismar"]
[BlackTeam "Greifswalder SV II"]

1. e4 c5 2. Nf3 d6 3. d4 cxd4 4. Nxd4 Nf6 5. Nc3 g6 6. Bc4 Bg7 7. Bb3 O-O 8. f3
Nc6 9. Be3 Bd7 10. g4 Ne5 11. g5 Nh5 12. Qd2 b5 13. Rf1 b4 14. Nd5 a5 15. a4
bxa3 16. Rxa3 a4 17. Ba2 e6 18. Nb4 Qc7 19. Nd3 Rfb8 20. b3 Nxd3+ 21. cxd3 d5
22. bxa4 Bf8 23. Rc3 Qxc3 24. Qxc3 Bb4 25. Bd2 Bxc3 26. Bxc3 Rxa4 27. Rf2 Rc8
28. Bb3 Rxc3 29. Bxa4 Bxa4 30. Ra2 Be8 31. Ra8 Kf8 32. Ke2 Rc7 33. Nb5 Rc6 34.
Ke3 Ke7 35. e5 Ng7 36. Ra7+ Bd7 37. Rb7 Nf5+ 38. Kd2 Kd8 39. Rb8+ Rc8 40. Rxc8+
Kxc8 41. Na3 Kc7 42. Nc2 Kb6 43. Kc3 Nh4 44. Ne1 Kc5 45. d4+ Kb5 46. Kb3 Ka5
47. Kc3 Bb5 48. f4 Bf1 0-1

[Event "VL 2017/18"]
[Site "Mecklenburg-Vorpommern"]
[Date "2017.11.26"]
[Round "3.5"]
[White "Fromm, Marius"]
[Black "Schulz, Bernd"]
[Result "0-1"]
[WhiteElo "1787"]
[BlackElo "1851"]
[PlyCount "144"]
[EventDate "2017.??.??"]
[EventType "team-tourn"]
[EventRounds "9"]
[SourceDate "2017.10.08"]
[WhiteTeam "Greifswalder SV II"]
[BlackTeam "ASV Wismar"]

1. Nf3 Nf6 2. c4 e6 3. g3 d5 4. Bg2 g6 5. b3 Bg7 6. Bb2 O-O 7. O-O c6 8. d3
Nbd7 9. Nbd2 Re8 10. Rc1 b6 11. cxd5 cxd5 12. Nd4 Nc5 13. b4 Na6 14. Nc6 Qd7
15. Nf3 Ng4 16. Bxg7 Kxg7 17. Qd2 Bb7 18. Qb2+ f6 19. h3 Bxc6 20. hxg4 h6 21.
e4 Rac8 22. e5 f5 23. gxf5 gxf5 24. Qd4 Qe7 25. a3 Bb5 26. Nh4 Nb8 27. Qe3 Rf8
28. Rxc8 Rxc8 29. Bxd5 Kh7 30. Qf4 Bxd3 31. Rd1 Bc2 32. Rc1 Qd7 33. Bf3 Bb3 34.
Rxc8 Qxc8 35. Qe3 Ba4 36. Qd2 Qd7 37. Qc3 Bc6 38. Kg2 Bxf3+ 39. Qxf3 Nc6 40.
Qh5 Nxe5 41. Qe2 Qd5+ 42. Kg1 Ng4 43. Ng2 e5 44. Qc2 Qd7 45. Qb3 Kg7 46. Ne3
Nxe3 47. Qxe3 Qd5 48. Qc1 Qd6 49. Qc8 Qd1+ 50. Kg2 Qd5+ 51. Kg1 Qf7 52. Qb8 Qe7
53. Qc8 f4 54. Qg4+ Qg5 55. Qd7+ Kg6 56. Qe8+ Kf5 57. Qc8+ Ke4 58. Qc2+ Kd5 59.
Qd2+ Kc6 60. Qc2+ Kb5 61. Qd3+ Ka4 62. Qd7+ Kb3 63. Qd3+ Kb2 64. Qf3 h5 65. Kh2
Qg4 66. Qd3 h4 67. gxf4 Qxf4+ 68. Kg2 e4 69. Qd7 Qf3+ 70. Kf1 h3 71. Qg7+ Kb3
72. Qg6 Qd1# 0-1

[Event "VL 2017/18"]
[Site "Mecklenburg-Vorpommern"]
[Date "2017.11.26"]
[Round "3.6"]
[White "Podolskiy, Alexander"]
[Black "Grehl, Tino"]
[Result "1-0"]
[WhiteElo "1847"]
[BlackElo "1869"]
[PlyCount "118"]
[EventDate "2017.??.??"]
[EventType "team-tourn"]
[EventRounds "9"]
[SourceDate "2017.10.08"]
[WhiteTeam "ASV Wismar"]
[BlackTeam "Greifswalder SV II"]

1. e4 c5 2. Nf3 Nc6 3. d4 cxd4 4. Nxd4 Nf6 5. Nc3 d6 6. Be2 e5 7. Nb3 Be7 8.
Be3 Be6 9. O-O O-O 10. f3 a6 11. Qd2 Qc7 12. Rfd1 Rac8 13. Rac1 Rfd8 14. Na4
Nd7 15. c4 Nc5 16. Nc3 Bf8 17. Nd5 Qb8 18. Nb6 Rc7 19. Qe1 Qa7 20. Nd5 Rcc8 21.
Qf2 b6 22. Nd2 a5 23. a3 a4 24. Rb1 f5 25. b4 axb3 26. Nxb3 f4 27. Bc1 Bxd5 28.
exd5 Ne7 29. Nxc5 bxc5 30. Bd3 Rb8 31. Qa2 Qd7 32. Qc2 g6 33. Bd2 Qa7 34. Qc3
Ra8 35. Ra1 Nxd5 36. cxd5 c4+ 37. Kf1 cxd3 38. Qxd3 Be7 39. Be1 Bf6 40. Ra2
Rab8 41. Bf2 Qa4 42. Rc1 Rb3 43. Qc4 Ra8 44. Qc6 Qa6+ 45. Kg1 Rxa3 46. Rac2 Ra1
47. Qd7 Rxc1+ 48. Rxc1 Bd8 49. h3 Qa3 50. Rc8 Rxc8 51. Qxc8 Qa5 52. Qe6+ Kg7
53. Qxd6 Bf6 54. Qd7+ Kh6 55. Qe6 Qa1+ 56. Kh2 Qf1 57. Qxf6 Qxf2 58. Qxe5 Qg3+
59. Kg1 Qg5 1-0

[Event "VL 2017/18"]
[Site "Mecklenburg-Vorpommern"]
[Date "2017.11.26"]
[Round "3.7"]
[White "Nauschuetz, Ernst"]
[Black "Borchert, Ulf"]
[Result "0-1"]
[WhiteElo "1849"]
[BlackElo "1833"]
[PlyCount "118"]
[EventDate "2017.??.??"]
[EventType "team-tourn"]
[EventRounds "9"]
[SourceDate "2017.10.08"]
[WhiteTeam "Greifswalder SV II"]
[BlackTeam "ASV Wismar"]

1. c4 e6 2. g3 d5 3. Bg2 c6 4. Nf3 Nf6 5. O-O Bd6 6. b3 h5 7. h4 Qb6 8. d4 Qc7
9. Nc3 Nbd7 10. Bb2 Rh6 11. Ng5 Ng4 12. Qd3 Be7 13. e4 dxc4 14. bxc4 e5 15. Ne2
c5 16. f3 Ngf6 17. dxe5 Nxe5 18. Qc3 Nc6 19. e5 Nd4 20. Nxd4 cxd4 21. Qe1 Nd7
22. Bxd4 Bxg5 23. hxg5 Re6 24. f4 Qxc4 25. Qf2 Ra6 26. Rfc1 Qa4 27. Rc2 Rc6 28.
Bxc6 bxc6 29. Rac1 Bb7 30. Bc5 Rd8 31. Rc4 Qa5 32. R4c3 Qa4 33. Ra3 Qe4 34. Qe3
Nxc5 35. Rxc5 Rd1+ 36. Kf2 Qh1 37. Qc3 Qg1+ 38. Kf3 Bc8 39. e6 Re1 40. Qc2 Qh1+
41. Kf2 Qg1+ 42. Kf3 Rf1+ 43. Ke4 Bxe6 44. Re5 Re1+ 45. Kf3 Qh1+ 46. Kf2 Qh2+
47. Kxe1 Qxc2 48. Rae3 g6 49. Re2 Qc1+ 50. Kf2 c5 51. f5 gxf5 52. g6 Kf8 53.
gxf7 Bxf7 54. Rxf5 Kg7 55. a3 c4 56. a4 c3 57. Rfe5 Qa3 58. Rc2 a5 59. Rce2 Qb2
0-1

[Event "VL 2017/18"]
[Site "Mecklenburg-Vorpommern"]
[Date "2017.11.26"]
[Round "3.8"]
[White "Pentzien, Volker"]
[Black "Kriese, Ralf"]
[Result "1/2-1/2"]
[WhiteElo "1771"]
[BlackElo "1764"]
[PlyCount "52"]
[EventDate "2017.??.??"]
[EventType "team-tourn"]
[EventRounds "9"]
[SourceDate "2017.10.08"]
[WhiteTeam "ASV Wismar"]
[BlackTeam "Greifswalder SV II"]

1. d4 d5 2. c4 e6 3. Nf3 Nf6 4. Nc3 c6 5. Bg5 Be7 6. e3 Nbd7 7. Bd3 dxc4 8.
Bxc4 O-O 9. O-O b5 10. Bd3 Bb7 11. Rc1 Qb6 12. Ne5 Rfe8 13. Nxd7 Nxd7 14. Ne4
e5 15. Qg4 Rad8 16. Bxe7 Rxe7 17. Qh4 f6 18. Nd6 g6 19. Nxb7 Qxb7 20. Be4 exd4
21. Bxc6 Qb6 22. Bd5+ Kg7 23. Rc6 Qa5 24. Qxd4 Ne5 25. Rc5 Nd7 26. Rc6 Ne5
1/2-1/2

[Event "VL 2017/18"]
[Site "Mecklenburg-Vorpommern"]
[Date "2017.11.26"]
[Round "3.1"]
[White "Schmekel, Florian"]
[Black "Moeller, Peter"]
[Result "1/2-1/2"]
[WhiteElo "2040"]
[BlackElo "2025"]
[PlyCount "72"]
[EventDate "2017.??.??"]
[EventType "team-tourn"]
[EventRounds "9"]
[SourceDate "2017.10.08"]
[WhiteTeam "SAV Torgelow"]
[BlackTeam "HSG Uni Rostock"]

1. d4 Nf6 2. c4 g6 3. Nc3 Bg7 4. e4 O-O 5. Be2 d6 6. Bg5 h6 7. Be3 c5 8. d5 e6
9. Qd2 exd5 10. exd5 Kh7 11. O-O-O Ng4 12. Bxg4 Bxg4 13. f3 Bc8 14. Bf4 f5 15.
h4 a6 16. Nh3 b5 17. Nf2 b4 18. Ne2 a5 19. g4 a4 20. g5 a3 21. b3 h5 22. Nd3
Re8 23. Kc2 Ra7 24. Nxc5 dxc5 25. Bxb8 Rae7 26. Rde1 f4 27. Bxf4 Bf5+ 28. Kd1
Bb2 29. Nc1 Bc3 30. Rxe7+ Qxe7 31. Qe2 Qf7 32. Qf2 Bd4 33. Qf1 Bb1 34. Bg3 Re3
35. Be1 Qf5 36. Rh2 Rxf3 1/2-1/2

[Event "VL 2017/18"]
[Site "Mecklenburg-Vorpommern"]
[Date "2017.11.26"]
[Round "3.2"]
[White "Hammel, Ralf"]
[Black "Zentgraf, Robert"]
[Result "1/2-1/2"]
[WhiteElo "1917"]
[BlackElo "2107"]
[PlyCount "25"]
[EventDate "2017.??.??"]
[EventType "team-tourn"]
[EventRounds "9"]
[SourceDate "2017.10.08"]
[WhiteTeam "HSG Uni Rostock"]
[BlackTeam "SAV Torgelow"]

1. e4 c5 2. Nf3 d6 3. d4 cxd4 4. Qxd4 Bd7 5. c4 Nc6 6. Qd2 g6 7. b3 Bg7 8. Bb2
Nf6 9. Nc3 O-O 10. Be2 Re8 11. O-O Qa5 12. Rab1 Rac8 13. a3 1/2-1/2